Cinema and the urban poor in south India (Record no. 251382)

MARC details
000 -LEADER
fixed length control field 00712nam a2200217Ia 4500
008 - FIXED-LENGTH DATA ELEMENTS--GENERAL INFORMATION
fixed length control field 191130s2007##################000#0#eng##
020 ## - INTERNATIONAL STANDARD BOOK NUMBER
ISBN 9780521040075
082 ## - DEWEY DECIMAL CLASSIFICATION NUMBER
Classification number 302.23 DIC
100 ## - MAIN ENTRY--AUTHOR NAME
Personal name Dickey, Sara
245 ## - TITLE STATEMENT
Title Cinema and the urban poor in south India
Statement of responsibility, etc Sara Dickey
260 ## - PUBLICATION, DISTRIBUTION, ETC. (IMPRINT)
Place of publication Cambridge
Name of publisher Cambridge University Press
Year of publication 2007
300 ## - PHYSICAL DESCRIPTION
Number of Pages xiv, 213 p. : ill., map ; 23 cm
500 ## - GENERAL NOTE
General note First published in 1993. This digitally printed version 2007
650 ## - SUBJECT ADDED ENTRY--TOPICAL TERM
Topical Term Film Theory & Criticism
Topical Term Motion pictures - Social aspects - India - Tamil Nadu
Topical Term Popular culture
991 ## -
-- 230376
Holdings
Withdrawn status Lost status Damaged status Not for loan Home library Current library Shelving location Date acquired Full call number Accession Number Price effective from Koha item type
        Anna Centenary Library Anna Centenary Library 3RD FLOOR, B WING 13.10.2020 302.23 DIC 96034 13.10.2020 English Books

Find us on the map